[Event "Fagernes TV2 GM op"]
[Site "Fagernes"]
[Date "2018.03.25"]
[Round "1"]
[White "Burcu, Cagatay"]
[Black "Kryakvin, Dmitry"]
[Result "1/2-1/2"]
[WhiteElo "2301"]
[BlackElo "2567"]
[PlyCount "85"]
[EventDate "2018.03.25"]
[EventType "swiss"]
[EventRounds "9"]
[EventCountry "NOR"]
[SourceTitle "CBM 183 Extra"]
[Source "ChessBase"]
[SourceDate "2018.04.19"]
[SourceVersion "1"]
[SourceVersionDate "2018.04.19"]
[SourceQuality "1"]

1. d4 d5 2. Bf4 c5 3. e3 cxd4 4. exd4 Nc6 5. c3 Bf5 6. Nd2 e6 7. Qb3 Qd7 8. Ngf3 Nge7 9. Bb5 Ng6 10. Ne5 Ngxe5 11. Bxe5 f6 12. Bg3 h5 13. h3 h4 14. Bh2 Bd6 15. Bxd6 Qxd6 16. Nf1 a6 17. Be2 b5 18. Ne3 Be4 19. 0-0 0-0 20. Qd1 Qf4 21. Bd3 Ne7 22. Bxe4 dxe4 23. a4 Qd6 24. axb5 axb5 25. Qg4 f5 26. Qxh4 Ng6 27. Qg5 Nf4 28. Rxa8 Rxa8 29. Rd1 Nd3 30. d5 Rf8 31. Ra1 f4 32. Ra7 Qe5 33. Qxe5 Nxe5 34. Ng4 Nxg4 35. hxg4 exd5 36. Rd7 Ra8 37. Rxd5 Ra1+ 38. Kh2 Rf1 39. Re5 Rxf2 40. Rxe4 Rxb2 41. Rxf4 Rb3 42. Rf3 b4 43. cxb4 1/2-1/2